00982nam a2200241 a 450000100060000000300080000600500170001400800410003103500190007204000320009104100080012308200220013110000310015324501240018426000640030830000640037250400400043665000480047670000360052494200120056099900170057295201510058912792BD-RjUL20211208235345.0140129s1966 enkak b 001 0 eng d a(BD-RjUL)12842 aDLCcDLCdm.cdBD-RjULbeng aeng04a621.023bGEE 19661 aGerstl, Joel Emery.93987010aEngineers :bthe anatomy of a profession, a study of mechanical engineers in Britain /cby J. E. Gerstl & S. P. Hutton. aLondon ;aNew York [etc.] :bTavistock Publications,c1966. a[10], 229 p. :billus. (forms) tables, diagrs ;c22 1 /2 cm aBibliography: p. 214-218 and index. 0aMechanical engineerszGreat Britain.9398711 aHutton, Stanley Peerman.939872 2ddccBK c12792d12792 00102ddc40718NFICaRUCLbRUCLcReadingd1973-06-30eAllitali prokashoni.g57.75l0o621.023 GEE 1966r2014-01-29 00:00:00tC-1w2014-01-29yBK